000 00562nam a2200205Ia 4500
005 20250508154652.0
008 008 250505s9999 xx 000 0 eng d
037 _aTextual
040 _aFEDL
_beng
_cFEDL
041 _aeng
_2eng
084 _a370.7, TOW
_qFEDL
100 _aTownsend Edward Arthur
245 0 _aLearning for teachers
260 _aNew York, USA
_bThe Macmillan Company
_c1962
300 _avi,313p.
650 _aEducation
700 _a Burke Paul J.
_9765816
942 _cTEXL
_h370.7, TOW
999 _c1351502
_d1351502